Put on a happy face : (Record no. 33626)

000 -LEADER
fixed length control field 02149cam a2200349 a 4500
001 - CONTROL NUMBER
control field 15492131
003 - CONTROL NUMBER IDENTIFIER
control field OSt
005 - DATE AND TIME OF LATEST TRANSACTION
control field 20170105113113.0
008 - FIXED-LENGTH DATA ELEMENTS--GENERAL INFORMATION
fixed length control field 081021s2008 nyuaf 001 0 eng d
010 ## - LIBRARY OF CONGRESS CONTROL NUMBER
LC control number 2008300247
020 ## - INTERNATIONAL STANDARD BOOK NUMBER
International Standard Book Number 9781402758898
020 ## - INTERNATIONAL STANDARD BOOK NUMBER
International Standard Book Number 1402758898
035 ## - SYSTEM CONTROL NUMBER
System control number (OCoLC)ocn232955846
035 ## - SYSTEM CONTROL NUMBER
System control number (OCoLC)232955846
Canceled/invalid control number (OCoLC)179789057
040 ## - CATALOGING SOURCE
Original cataloging agency PLF
Transcribing agency PLF
Modifying agency YDXCP
-- CDX
-- BUR
-- BTCTA
-- BAKER
-- VP@
-- DLC
042 ## - AUTHENTICATION CODE
Authentication code lccopycat
050 00 - LIBRARY OF CONGRESS CALL NUMBER
Classification number ML410.S937
Item number A3 2008
100 1# - MAIN ENTRY--PERSONAL NAME
Personal name Strouse, Charles.
245 10 - TITLE STATEMENT
Title Put on a happy face :
Remainder of title a Broadway memoir /
Statement of responsibility, etc. Charles Strouse.
260 ## - PUBLICATION, DISTRIBUTION, ETC.
Place of publication, distribution, etc. New York :
Name of publisher, distributor, etc. Union Square Press,
Date of publication, distribution, etc. c2008.
300 ## - PHYSICAL DESCRIPTION
Extent 326 p., [16] p. of plates :
Other physical details ill. ;
Dimensions 22 cm.
500 ## - GENERAL NOTE
General note Includes index.
520 ## - SUMMARY, ETC.
Summary, etc. Strouse composed some of the most successful shows in Broadway history (Annie, Bye Bye Birdie, Applause, and Golden Boy); wrote the film score for Bonnie and Clyde as well as the theme song for All in the Family; has been sampled by one of today's biggest rap stars (Jay-Z, in the Grammy-winning Hard Knock Life); and his songs have been sung by musical greats from Frank Sinatra to Ray Charles to Barbra Streisand. Timed to coincide with public celebrations of his 80th birthday, this memoir grants an insider's glimpse of Broadway, Hollywood, and beyond. Strouse relates the behind-the-curtain stories of his remarkable achievements, and tells about the people he's worked with along the way, including Butterfly McQueen, Gower Champion, Sammy Davis Jr., Lauren Bacall, Mel Brooks, Clifford Odets, Warren Beatty, Hal Prince and Carol Burnett.--From publisher description.
600 10 - SUBJECT ADDED ENTRY--PERSONAL NAME
Personal name Strouse, Charles.
650 #0 - SUBJECT ADDED ENTRY--TOPICAL TERM
Topical term or geographic name entry element Composers
Geographic subdivision United States
Form subdivision Biography.
856 42 - ELECTRONIC LOCATION AND ACCESS
Materials specified Contributor biographical information
Uniform Resource Identifier <a href="http://www.loc.gov/catdir/enhancements/fy0902/2008300247-b.html">http://www.loc.gov/catdir/enhancements/fy0902/2008300247-b.html</a>
856 42 - ELECTRONIC LOCATION AND ACCESS
Materials specified Publisher description
Uniform Resource Identifier <a href="http://www.loc.gov/catdir/enhancements/fy0902/2008300247-d.html">http://www.loc.gov/catdir/enhancements/fy0902/2008300247-d.html</a>
906 ## - LOCAL DATA ELEMENT F, LDF (RLIN)
a 7
b cbc
c copycat
d 3
e ncip
f 20
g y-gencatlg
942 ## - ADDED ENTRY ELEMENTS (KOHA)
Source of classification or shelving scheme
Koha item type Book
Holdings
Withdrawn status Lost status Source of classification or shelving scheme Damaged status Not for loan Permanent Location Current Location Date acquired Total Checkouts Full call number Barcode Date last seen Price effective from Koha item type
          School of Mechanical & Manufacturing Engineering (SMME) School of Mechanical & Manufacturing Engineering (SMME) 05/10/2016   782.1409 STR SMME-2823 04/05/2018 05/10/2016 Book
© 2023 Central Library, National University of Sciences and Technology. All Rights Reserved.